| 000 | 00673nam a2200217 a 4500 | ||
|---|---|---|---|
| 001 | 13251 | ||
| 003 | BD-JhCC | ||
| 005 | 20230801091737.0 | ||
| 008 | 230801s2022 bg |||| |||| 000 0 ben d | ||
| 020 | _a9789849478164 | ||
| 035 | _a(BD-JhCC)13251 | ||
| 040 |
_aBD-JhCC _dBD-JhCC |
||
| 041 | _aben | ||
| 082 |
_a891.443 _bCHO 2022 |
||
| 100 | _aচৌধুরী, শামীমা | ||
| 245 |
_aমায়ার চোখে একাত্তর / _cশামীমা চৌধুরী |
||
| 260 |
_aঢাকা : _bলেখালেখি, _c২০২২ |
||
| 300 |
_a৭২ পৃ. : _c২১ সেমি. |
||
| 650 | _aHistorical Novel | ||
| 942 |
_2ddc _cBK |
||
| 999 |
_c13251 _d13251 |
||